Capitals of the Thirteen Colonies - Statistics

General Stats
  • This quiz has been taken 36 times
  • The average score is 9 of 22
Answer Stats
Grouping Colony Answer Period % Correct
Province of Massachusetts Bay Boston 1630-1776
92%
Province of New York New York City 1664-1776
88%
Province of Pennsylvania Philadelphia 1682-1776
85%
Providence 1644-1776
85%
Annapolis 1695-1776
77%
New England Connecticut River Colony Hartford 1636-1776
73%
Province of Georgia Savannah 1733-1776
65%
New Haven 1701-1776
50%
Southern Colonies Colony of Virginia Jamestown 1607-1699
46%
Colony of Rhode Island and Providence Plantations Newport 1644-1776
42%
Williamsburg 1699-1776
31%
Province of South Carolina Charlestown 1712-1776
23%
Province of New Hampshire Portsmouth 1630-1776
23%
Middle Colonies Lower Counties on the Delaware New Castle 1704-1776
15%
Burlington 1702-1776
12%
Newbern 1770-1776
12%
Perth Amboy 1702-1776
12%
Brunswick 1743-1770
8%
Province of Maryland St. Mary's City 1634-1695
8%
Edenton 1722-1743
4%
Province of New Jersey Elizabethtown 1664-1673
4%
Province of North Carolina Bath 1712-1722
0%
No matching quizzes found
Score Distribution
Percent of People with Each Score
Percentile by Number Answered
Your Score History
You have not taken this quiz